| 000 | 00850nam a2200205 i 4500 | ||
|---|---|---|---|
| 001 | 29443 | ||
| 003 | ES-MaACL | ||
| 005 | 20230906154032.0 | ||
| 007 | t| | ||
| 008 | 030122s1864 po ||||1| por d | ||
| 100 | 1 |
_aBarbosa du Bocage, José Vicente. _925476 |
|
| 245 | 1 | 0 |
_aDiagnoses de algumas especies inéditas da familia squalidae que frequentam os nossos mares : _btrabalho apresentado á Academia Real das Sciencias de Lisboa / _cpelo..José Vicente Barbosa du Bocage ... e por Felix de Brito Capello. |
| 260 |
_aLisboa : _b[s.n.], _c1864 ( _fTyp. da Academia) |
||
| 300 |
_a3 p. ; _c27 cm. |
||
| 530 | _aDisponible en formato digital. | ||
| 650 | 4 |
_aPeces. _9146663 |
|
| 710 | 2 |
_aAcademia das Ciências de Lisboa. _91159 |
|
| 852 | 4 |
_aES-MaACL _jT-126-F-2 |
|
| 856 | 4 |
_uhttps://doi.org/10.5962/bhl.title.5048 _zBiodiversity Heritage Library |
|
| 999 |
_c29443 _d29443 |
||